Statistiques concernant Maps de la Zrt Cup

Cliquez ici pour prendre le quiz!

Statistiques générales

  • Ce quiz a été pris 7 fois
  • Le résultat moyen est 14 sur 79

Statistiques - réponses

Edition Maps % Correct
ZrT Cup #3UsiNatureChicane
100%
ZrT Cup #3Pathfinding
75%
ZrT Cup 2018Pathfinding Was Taken
75%
ZrT Cup #4Pathfinding 2
75%
ZrT Cup #1Saucisse
75%
ZrT Cup #340mn
50%
ZrT Cup #2La route botanique
50%
ZrT Cup #2Ton Ip Dunk
50%
ZrT Cup 2017zrtOld
50%
ZrT Cup #4Le E-Sport
50%
ZrT Cup #4Random Rugby
50%
ZrT Cup 2017Francis porc
50%
ZrT Cup #2ZrT Pudding
50%
ZrT Cup 2018SoT
50%
ZrT Cup 2018I-Rave-Aux-Cables
50%
ZrT Cup #31mn
25%
ZrT Cup #1Happy Mushroom
25%
ZrT Cup #1Kmera3
25%
ZrT Cup 2017Pathymetry
25%
ZrT Cup 2017UsiNatureChicaneVillageMouetteMordorFinDiff
25%
ZrT Cup #1NO REVERSE
25%
ZrT Cup #4Yellow Submapping
25%
ZrT Cup 2018Hanz o-K ou en T
25%
ZrT Cup 2018eSp0rt Exp3rie
25%
ZrT Cup 2017ZeraptoR
25%
ZrT Cup #1Checkpoint
25%
ZrT Cup #2Hopeupoto
25%
ZrT Cup 2017Micromouette
25%
ZrT Cup #1Zeppelin
25%
ZrT Cup 2017Z comme ?
25%
ZrT Cup #2Popopouelopouelopoueloup
25%
ZrT Cup #2Make A Choice
25%
ZrT Cup #2Spaghettis libres
25%
ZrT Cup #1Pudding
25%
ZrT Cup #116CP
25%
ZrT Cup 2017Blind
25%
ZrT Cup 2017GreatWall DesGueux
0%
ZrT Cup 2018Gratins d'Eau-finnois
0%
ZrT Cup #4DSL Means Sorry
0%
ZrT Cup 2017CorpsBeillePasPied
0%
ZrT Cup #4QCM
0%
ZrT Cup 2017KapouPaCut
0%
ZrT Cup #4Patch 6
0%
ZrT Cup 20177102# puC TrZ
0%
ZrT Cup 2017LinkInToTwister
0%
ZrT Cup 2017Trackmaniak
0%
ZrT Cup 2017Pacimosh
0%
ZrT Cup 2017Vivaldi
0%
ZrT Cup 2017L'éclair du Rhone
0%
ZrT Cup #1Right Hole
0%
ZrT Cup #2MixBloc
0%
ZrT Cup #2Meojifo_4
0%
ZrT Cup #2Fromage COMME MEME
0%
ZrT Cup #2On va crée un parti !
0%
ZrT Cup #2Jambon beurrette
0%
ZrT Cup #2Hard Precision
0%
ZrT Cup #1SYmetrY
0%
ZrT Cup #1Mind the end
0%
ZrT Cup #1Dirt Degueu
0%
ZrT Cup #1Only Skill
0%
ZrT Cup #1FML
0%
ZrT Cup #1Tourbilol
0%
ZrT Cup #1Patience
0%
ZrT Cup #2CétéMieuAvant2
0%
ZrT Cup #2AtoidejouAIENT
0%
ZrT Cup #42010 GR
0%
ZrT Cup #3La Rentrée
0%
ZrT Cup #4Bagders Bagders Bagders
0%
ZrT Cup #4Batman
0%
ZrT Cup #4HTD PLASS
0%
ZrT Cup #4CéRisqué
0%
ZrT Cup #3zrtPalm
0%
ZrT Cup #3Smooth
0%
ZrT Cup #3EasyWhale
0%
ZrT Cup #2Sautaupoil2
0%
ZrT Cup #3Jump!
0%
ZrT Cup #3Olympique
0%
ZrT Cup #3Eternity
0%
ZrT Cup #4Moustique
0%

Distribution des résultats

Percentile by Number Answered

% des personnes avec chaque résultat

Votre développement - résultats

Vous n’avez pas pris ce quiz